000 01343nam a2200325 a 4500
001 000007066
003 DO-SdBNP
005 20240118101515.0
008 090904s2004 dr 000 0 spa d
020 _a9993432025
040 _aDO-SdBNP
_bspa
_cBPMSU
082 4 _aRD864.5
_bR789L 2004
_222
100 1 _aRosario Candelier, Bruno,
_d1941-
100 z _aCandelier, Bruno Rosario,
_d1941
245 1 0 _aLenguaje, identidad y tradición en las letras dominicanas :
_bde Javier Angulo Guridi a Manuel Salvador Gautier /
_cBruno Rosario Candelier.
260 _aSanto Domingo :
_bUniversidad APEC, Academia Dominicana de la Lengua ;
_bLetra Gráfica,
_c2004.
300 _a510 p. ;
_c23 cm.
490 0 _aA la zaga de tu huella,
_v2
500 _aIncluye datos biográficos del autor en las solapas
500 _aIncluye referencias bibliográficas y notas al pie de las páginas
505 0 _aLenguaje, principios y tendencias 13-- Autores y obras nacionales 99
590 _aInventariado, 2024/VM
600 1 4 _aAngulo Guridi, Javier
_d1816-1884
_xHistoria y crítica
650 4 _aEnsayos dominicanos
650 4 _a Literatura dominicana
650 4 _aLenguaje y cultura
_xEnsayos, conferencias, etc
650 4 _aAutores dominicanos.
_xEnsayos, conferencias, etc.
910 _aVMateo V. Control de calidad. BPMSU
942 _2ddc
_cBK
999 _c14534
_d14534